| 000 | 00623 a2200193 4500 | ||
|---|---|---|---|
| 999 |
_c10514 _d10514 |
||
| 010 | _aENG-89362 | ||
| 020 |
_a9788189938024 _c595.00 |
||
| 035 | _aEN-72895 | ||
| 037 | _bDBAD / PUB | ||
| 082 | 1 | 4 | _a658.4095 |
| 100 | 1 | _aKunda, Gideon | |
| 245 | 1 |
_a Engineering culture: _bcontrol and commitment in a High-Tech corporation/ _cby Gideon Kunda |
|
| 250 | _arev. ed. | ||
| 260 |
_aNew Delhi _bOverseas Press India _c2007 |
||
| 270 |
_a7/28 Ansari Road,Daryaganj _bDelhi _e110002 _mwww.overseaspub.com |
||
| 300 |
_axi,307 p. _c23cm ( Pbk.) |
||
| 500 | _aIncludes references and index | ||
| 942 |
_adpl _cEN _k658.4095 / KUN _2ddc |
||